00334nam a2200121Ia 4500008004100000041000800041082002000049100001400069245004500083260004200128300003300170365000900203240624s9999 xx 000 0 und d aeng a658.4038011 DAV aDAVIS JIM aINFORMATION REVOLUTION USING THE INFORMA c2006aNew JerseybJohn Wiley and Sons axxvii, : 195 : p. : cm. ; 23 cb30